[Event "Budapest FS07 FM-B"]
[Site "Budapest"]
[Date "2015.07.12"]
[Round "9"]
[White "Chen, Lilian"]
[Black "February, Jesse Nikki"]
[Result "0-1"]
[WhiteElo "1520"]
[BlackElo "1749"]
[PlyCount "62"]
[EventDate "2015.07.04"]
[EventType "tourn"]
[EventRounds "11"]
[EventCountry "HUN"]
[SourceTitle "CBM 167 Extra"]
[Source "ChessBase"]
[SourceDate "2015.09.14"]
[SourceVersion "1"]
[SourceVersionDate "2015.09.14"]
[SourceQuality "1"]

1. c4 c5 2. Nc3 Nf6 3. g3 e6 4. Bg2 Nc6 5. Nf3 d5 6. cxd5 Nxd5 7. d4 Nc7 8. Be3 Be7 9. 0-0 0-0 10. Rc1 Na6 11. Qd2 Qa5 12. Rfd1 Rd8 13. Qc2 Nab4 14. Qa4 Qxa4 15. Nxa4 Nxa2 16. dxc5 Nxc1 17. Rxc1 Bd7 18. Bf4 Be8 19. Ne5 Nxe5 20. Bxb7 Bxa4 21. Bxe5 Bc6 22. Bxc6 Rac8 23. Bf3 Bxc5 24. Kf1 Bb6 25. Rxc8 Rxc8 26. Bb7 Rc5 27. Bc3 f6 28. Ke1 Kf7 29. Kd2 Rh5 30. h4 Bxf2 31. Bf3 Rb5 0-1

[Event "Witwatersrand USSA Cup (Women)"]
[Site "Witwatersrand"]
[Date "2015.04.25"]
[Round "5"]
[White "Voges, Rachelle Mari"]
[Black "Chen, Lilian"]
[Result "1/2-1/2"]
[WhiteElo "1609"]
[BlackElo "1306"]
[PlyCount "48"]
[EventDate "2015.04.23"]
[EventType "tourn"]
[EventRounds "9"]
[EventCountry "RSA"]
[SourceTitle "EXT 2016"]
[Source "ChessBase"]
[SourceDate "2015.10.08"]
[SourceVersion "1"]
[SourceVersionDate "2015.10.08"]
[SourceQuality "1"]

1. d4 Nf6 2. Nf3 g6 3. c4 d5 4. Nc3 Bg7 5. e3 0-0 6. Be2 Be6 7. c5 Nbd7 8. b4 Bf5 9. 0-0 a6 10. a4 c6 11. Bb2 Re8 12. Nh4 Qb8 13. Nxf5 gxf5 14. Bd3 Ng4 15. g3 e6 16. h3 Nxe3 17. fxe3 Qxg3+ 18. Kh1 Qxh3+ 19. Kg1 Qxe3+ 20. Kh2 Qh6+ 21. Kg2 Qg5+ 22. Kh3 Qg4+ 23. Qxg4 fxg4+ 24. Kxg4 Bxd4 1/2-1/2